00559nam a22001697a 450000500170000000800410001702000180005804000180007608200200009410000220011424500720013625000120020826000450022030000250026565000450029065000540033520220614160059.0220614b ||||| |||| 00| 0 eng d a9789388264488 cAIMIT LIBRARY 22a001.42bTHOC aThomas, C George. aResearch methodology and scientific writing /cBy C. George Thomas. a2nd ed. aNew Delhi :bAne Books Pvt. Ltd.c2020 . avii, 627p. ;c24 cm. 2Planning and writing a research proposal 2Preparation of research papers and other articles